01281 2200229 4500001002100000005001500021035002000036007000300056008004100059020002200100082001100122084001700133100003200150245009400182250002400276260006200300300003100362700003900393650003800432500056400470990001701034INLIS00000000000060120260126103539 a0010-0523000143ta260126 j 1 ind  a978-602-7975-57-6 a895.63 a895.63 SHA l0 aAmbiru Yasuka ( pengarang )1 aLittle Witch Co ( Gaun Bintang Kejora ) /cAmbiru Yasuka ; penyunting,Aan Wulandari Usman a-Cet.I,Oktober 2013 aYogyakarta :bBentang belia ( PT.Bentang pustaka ),c2013 a102 :bilus. ;c20,8 cme-0 aAan Wulandari Usman ( penyunting ) 4aFiksi Indonesia- bacaan anak-anak aMusim salju akan segera tiba, udara di sekitar Bagian Daur Ulang Pakaian semakin dingin. Silk mendapat pesanan untuk memperbaiki gaun milik Ratu Salju Christa. Gaun itu akan dikenakan pada saat kontes "Ratunya Ratu Salju". Seperti biasa, dibantu oleh Nana, Silk memperbaiki gaun lama milik Ratu Christa menjadi sebuah gaun baru nan cantik, yang diharapkan dapat membantu Ratu Christa untuk memenangkan kontes itu. Namun, apakah Ratu Christa dapat memenangkan kontes itu hanya dengan mengenakan gaun baru yang sudah diperbaiki oleh Silk dan Nana begitu saja? a00011/K/2018